| 000 | 00650nam a22001097a 4500 | ||
|---|---|---|---|
| 008 | 170925b xxu||||| |||| 00| 0 eng d | ||
| 100 | _aBackman, Anders | ||
| 245 | _aThe Channel Island of Jethou : its stamps and postal history | ||
| 260 |
_a Stockport, Cheshire, [England] _bA. Backman and R. Forrester, _c1978 |
||
| 650 | _aChannel Islands | Jethou | Locals and Private Posts Cinderella Material | Production | Production -- Sheets and Panes | Errors and Varieties | Essays and Proofs | Designs | First Days Catalogs and Price Lists | Postal History | Postal Markings Postal Service | Postal Rates | Topical Collecting | Europa | ||
| 700 | _aForester, Bob | ||
| 999 |
_c2486 _d2486 |
||